00530nam a22001817a 450000500170000000800410001702000180005804000210007604100080009708200160010510000320012124500830015326000100023630000100024665000390025670000260029570000270032120250901105446.0250901b |||||||| |||| 00| 0 eng d a9789364400374 aIN-DiNCcIN-DiNC deng a647.94bRAT aRath, Jyoti Prakasheauthor aHospitality management/cby Jyoti Prakash Rath, Samira Patra and Saumendra Das a182p. a182p. aManagement of hospitality industry aPatra, Samiraeauthor aDas, Saumendraeauthor